<?xml version="1.0" encoding="UTF-8"?>
<collection xmlns="http://www.loc.gov/MARC21/slim">
 <record>
  <leader>     na                 </leader>
  <controlfield tag="001">INLIS000000000005085</controlfield>
  <controlfield tag="005">20250731034250</controlfield>
  <datafield tag="035" ind1=" " ind2=" ">
   <subfield code="a">0010-0725000371</subfield>
  </datafield>
  <controlfield tag="008">250731                |          | |  </controlfield>
  <datafield tag="245" ind1="1" ind2=" ">
   <subfield code="a">Analisis Perputaran Kas, Piutang dan persedian Pada Usaha Berlian Pak Suhaimi Di Tenggarong /</subfield>
   <subfield code="c">Siti Ulfah</subfield>
  </datafield>
  <datafield tag="100" ind1=" " ind2=" ">
   <subfield code="a">Ulfah, Siti</subfield>
  </datafield>
  <datafield tag="260" ind1=" " ind2=" ">
   <subfield code="a">Tenggarong :</subfield>
   <subfield code="b">FEBIS-Universitas Kutai Kartanegara,</subfield>
   <subfield code="c">2019</subfield>
  </datafield>
  <datafield tag="300" ind1=" " ind2=" ">
   <subfield code="a">80 hlm. ;</subfield>
   <subfield code="c">21x30 cm</subfield>
  </datafield>
  <datafield tag="084" ind1=" " ind2=" ">
   <subfield code="a">658 ULF A C.1</subfield>
  </datafield>
  <datafield tag="520" ind1=" " ind2=" ">
   <subfield code="a">Siti Ulfah, 2019, judul skripsi &quot;Analisis Perputaran Kas, Piutang Dan Persediaan Pada Usaha Berlian Pak Suhaimi Di Tenggarong Skripsi Fakultas Ekonomi dan Bisnis Universitas Kutai Kartanegara dibawah bimbingan Prof. Dr. Yonathan Palinggi, MM dan Erwinsyah, SE, M.Si.&lt;br/&gt;Tujuan dari penelitian ini adalah untuk mengetahui dan mengkaji tingkat perputaran kas, piutang dan persediaan pada usaha berlian Pak Suhaimi di Tenggarong periode tahun 2016-2018.&lt;br/&gt;Alat analisis yang dipergunakan adalah perputaran kas, perputaran persediaan, perputaran piutang dan perputaran modal kerja. Sumber datarya adalah laporan laba rugi dan neraca tahun 2016-2018.&lt;br/&gt;Kas rata-rata yang dihasilkan Usaha Berlian Pak Suhaimi di Tenggarong pada tahun 2016 adalah Rp. 23.777.050, pada tahun 2017 adalah Rp. 28.400.000 meningkat Rp. 4.622.950 (19.4%) dan kas rata-rata pada tahun 2018 adalah sebesar Rp. 26.000.000 atau turun sebesar Rp. 2.400.000 (8,4%). Perputaran kas yang dihasilkan pada tahun 2016 sebesar 7,62, pada tahun 2017 menurun sebesar 7.28 kali dan perputaran kas pada tahun 2018 adalah sebesar 6,63 kali atau turun sebesar 0,65 kali. Periode perputaran kas yang dihasilkan pada tahun 2016 selama 47 hari, pada 2017 adalah sebesar 49 hari dan periode perputaran kas tahun 2018 adalah sebesar 54 hari atau lebih lama 5 hari.&lt;br/&gt;Piutang rata-rata yang dihasilkan pada Usaha Berlian Pak Suhaimi di Tenggarong pada tahun 2016 sebesar Rp. 23.830.000, pada tahun 2017 sebesar Rp. 36.805.000 atau naik Rp. 12.975.000 (54,4%) dan piutang rata-rata pada tahun 2018 adalah sebesar Rp. 34.125.000 atau turun sebesar Rp. 2.680.000 (7.2 %) Perputaran piutang yang dihasilkan pada tahun 2016 sebesar 7,60, pada tahun 2017 sebesar 5,61 kali dan perputaran piutang pada tahun 2018 adalah sebesar turun 5,05 kali atau menurun 0,56 kali. Periode perputaran piutang dihasilkan pada tahun 2016 selama 47 hari, pada tahun 2017 sebesar 64 hari dan perputaran piutang tahun 2017 adalah sebesar 71 hari atau lebih lambat 7 hari.&lt;br/&gt;Persediaan rata-rata yang dihasilkan Usaha Berlian Pak Suhaimi di Tenggarong pada tahun 2016 sebesar Rp. 26.000.000, pada tahun 2017 sebesar Rp. 21.550.000 atau turun Rp. 4.450.000 (17,1%) dan persediaan rata-rata pada tahun 2018 sebesar Rp. 24.850.000 atau naik menjadi sebesar Rp. 3.300.000 (15,3 %). Perputaran persediaan yang dihasilkan pada tahun 2016 sebesar 6,97, pada tahun 2017 sebesar 9,59 kali dan perputaran persediaan tahun 2018 adalah sebesar 6,94 kali atau turun sebesar 2,65 kali. Periode perputaran persediaan dihasilkan pada tahun 2016 selama 52 hari, pada tahun 2017 sebesar 38 hari dan periode perputaran persediaan tahun 2018 sebesar 52 hari atau lebih lambat 14 hari.&lt;br/&gt;Berdasarkan hasil analisis dan pembahasan diatas, terlihat perputaran kas, perputaran piutang dan perputaran persediaan Usaha Berlian Pak Suhaimi di Tenggarong ditahun 2018 mengalami penurunan bila dibandingkan dengan dengan tahun sebelumnya 2017 dan 2016. Sehingga hipotesis yang diajukan diterima karena terbukti kebenarannya.&lt;br/&gt;</subfield>
  </datafield>
  <datafield tag="082" ind1=" " ind2=" ">
   <subfield code="a">658</subfield>
  </datafield>
  <datafield tag="650" ind1=" " ind2="4">
   <subfield code="a">Manajemen Umum</subfield>
  </datafield>
  <datafield tag="990" ind1=" " ind2=" ">
   <subfield code="a">190813110008347</subfield>
  </datafield>
 </record>
</collection>
